000 01506nam a2200277Ia 4500
999 _c56225
_d56225
001 23326
003 GE_BSU
005 20251203211931.0
008 181216s1951||||ge |||||||||||||| ||geo||
040 _cGE_BSU
041 _ageo
080 _a94(3)(082) გ-64
100 _aგოზალიშვილი, გ.
_926348
245 _aძველი ისტორიის ქრესტომათია /
_c გ. გოზალიშვილი ; რედ. აკ. ურუშაძე ; საქ. სსრ განათლების სამინისტრო.
264 _aთბილისი :
_bსამეცნ.-მეთოდ. კაბინეტის გამ-ბა,
_c1951.
300 _a320 გვ. ;
_c23 სმ.
500 _aდანართი : შენიშვნები, გვ. 303-18
541 _h1ლ. 20თ.
653 _aძველი ისტორიის ქრესტომათია
653 _aძველი მსოფლიოს ისტორია - ქრესტომათიები
653 _aძველი რომის ისტორიის წყაროები
653 _aძველი საბერძნეთის ისტორიის წყაროები
700 _aურუშაძე, აკ.
_eრედაქტორი
_916070
710 _aსაქ. სსრ განათლების სამინისტრო
_98101
942 _cBK
_2udc